Transnational Entrepreneurship in South East Asia (Record no. 76587)
[ view plain ]
| 000 -LEADER | |
|---|---|
| fixed length control field | 00677nam a2200193Ia 4500 |
| 008 - FIXED-LENGTH DATA ELEMENTS--GENERAL INFORMATION | |
| fixed length control field | 220705s9999||||xx |||||||||||||| ||und|| |
| 020 ## - INTERNATIONAL STANDARD BOOK NUMBER | |
| International Standard Book Number | 978-981-32-9251-2 |
| 020 ## - INTERNATIONAL STANDARD BOOK NUMBER | |
| International Standard Book Number | 978-981-32-9252-9 |
| 040 ## - CATALOGING SOURCE | |
| Transcribing agency | Springer |
| 041 ## - LANGUAGE CODE | |
| Language code of text/sound track or separate title | English |
| 100 ## - MAIN ENTRY--PERSONAL NAME | |
| Personal name | Sarah Louisa Birchley |
| 100 ## - MAIN ENTRY--PERSONAL NAME | |
| Personal name | Kazuko Yokoyama |
| 245 #0 - TITLE STATEMENT | |
| Title | Transnational Entrepreneurship in South East Asia |
| 260 ## - PUBLICATION, DISTRIBUTION, ETC. | |
| Name of publisher, distributor, etc. | Springer Nature Singapore |
| Date of publication, distribution, etc. | 2020 |
| 490 ## - SERIES STATEMENT | |
| Series statement | Emerging-Economy State and International Policy Studies |
| International Standard Serial Number | 2524-5031 |
| 650 ## - SUBJECT ADDED ENTRY--TOPICAL TERM | |
| Topical term | Business and Management |
| 856 ## - ELECTRONIC LOCATION AND ACCESS | |
| DOI | <a href="https://doi.org/10.1007/978-981-32-9252-9">https://doi.org/10.1007/978-981-32-9252-9</a> |
| Uniform Resource Identifier | <a href="https://link.springer.com/openurl?genre=book&isbn=978-981-32-9252-9">https://link.springer.com/openurl?genre=book&isbn=978-981-32-9252-9</a> |
| 942 ## - ADDED ENTRY ELEMENTS (KOHA) | |
| Koha item type | E-Books |
No items available.
